Statistics for Virginia Quiz

Click here to take the quiz!

General Stats

  • This quiz has been taken 2 times
  • The average score is 8 of 14

Answer Stats

HintAnswer% Correct
Coldest Month. (again)January
100%
Hottest Month. ( yet again)July
100%
Nickname.Old Dominion
100%
Capital.Richmond
100%
Abbreviation.VA
100%
Most Populated City.Virginia Beach
100%
Mountains.Blue Ridge Mountains
50%
State Bird.Cardinal
50%
State Plant.Dogwood
50%
StateHood.1788
0%
State Food.Cured Country Ham
0%
State Tree.Flowering Dogwood
0%
Is The Birthplace Of:Mechanical Reaper
0%
State Animal.None!
0%

Score Distribution

Percentile by Number Answered

Percent of People with Each Score

Your Score History

You have not taken this quiz